header

A focus on hope (Record no. 148705)

MARC details
000 -LEADER
fixed length control field 01232nam a2200313Ia 4500
100 1# - MAIN ENTRY--AUTHOR NAME
Personal name Morales, Erik E.
245 12 - TITLE STATEMENT
Title A focus on hope
260 ## - PUBLICATION, DISTRIBUTION, ETC. (IMPRINT)
Place of publication Lanham, MD :
Name of publisher University Press of America,
Year of publication 2010.
300 ## - PHYSICAL DESCRIPTION
Number of Pages 94 p.
650 #0 - SUBJECT ADDED ENTRY--TOPICAL TERM
Topical Term Students
Topical Term Resilience (Personality trait)
Topical Term Academic achievement.
856 40 - ELECTRONIC LOCATION AND ACCESS
Uniform Resource Identifier http://site.ebrary.com/lib/rucke/Doc?id=10434999

No items available.

© 2026 Rongo University
Contact us: librarian | system librarian | Rongo university